| 000 | 01097nam a22002657a 4500 | ||
|---|---|---|---|
| 003 | dpl | ||
| 005 | 20170207141400.0 | ||
| 008 | 170207b xxu||||| |||| 00| 0 eng d | ||
| 010 | _aB-243434, A-770040 | ||
| 020 |
_c120.00 _a8173890261 |
||
| 035 | _aB-243434, A-770040 | ||
| 040 |
_aDPL _cDPL |
||
| 082 |
_a828 _bअमृता |
||
| 100 |
_aअमृता प्रीतम _955397 |
||
| 245 |
_aआईने के टुकड़े / _cअमृता प्रीतम |
||
| 246 |
_aAaine ke tukde / _bby Amrita Pritam |
||
| 260 |
_aदिल्ली _bशिलालेख _c1996 |
||
| 270 |
_a4/32, सुभाष गली, विश्वास नगर, _bदिल्ली _e110032 _k2424810 |
||
| 300 |
_a142पृ. _c21सेमी (सजिल्द) |
||
| 650 |
_a हिन्दी साहित्य _955398 |
||
| 650 |
_a हिन्दी साहित्य -- उपन्यास _946379 |
||
| 650 |
_aHindi literature _955399 |
||
| 650 |
_aHindi literature -- Fiction _955400 |
||
| 942 |
_2ddc _cHN _h828 _mअमृता |
||
| 999 |
_c114114 _d114114 |
||